The Supply-side solution / (Record no. 542)
[ view plain ]
| 000 -LEADER | |
|---|---|
| fixed length control field | 00837cam a2200265 a 4500 |
| 003 - CONTROL NUMBER IDENTIFIER | |
| control field | OSt |
| 005 - DATE AND TIME OF LATEST TRANSACTION | |
| control field | 20210615090925.0 |
| 008 - FIXED-LENGTH DATA ELEMENTS--GENERAL INFORMATION | |
| fixed length control field | 830525s1983 njua b 000 0 eng |
| 020 ## - INTERNATIONAL STANDARD BOOK NUMBER | |
| International Standard Book Number | 0934540187 (pbk.) : |
| 040 ## - CATALOGING SOURCE | |
| Transcribing agency | DLC |
| 050 00 - LIBRARY OF CONGRESS CALL NUMBER | |
| Classification number | HB241 |
| Item number | .S966 1983 |
| 245 04 - TITLE STATEMENT | |
| Title | The Supply-side solution / |
| Statement of responsibility, etc. | edited by Bruce Bartlett and Timothy P. Roth. |
| 260 ## - PUBLICATION, DISTRIBUTION, ETC. | |
| Place of publication, distribution, etc. | Chatham, N.J. : |
| Name of publisher, distributor, etc. | Chatham House, |
| Date of publication, distribution, etc. | c1983. |
| 300 ## - PHYSICAL DESCRIPTION | |
| Extent | vi, 289 p. : |
| Other physical details | ill. ; |
| Dimensions | 24 cm. |
| 500 ## - GENERAL NOTE | |
| General note | "A Manhattan Institute for Policy Research book"--P. ii. |
| 504 ## - BIBLIOGRAPHY, ETC. NOTE | |
| Bibliography, etc. note | Bibliography: p. 286-289. |
| 650 #0 - SUBJECT ADDED ENTRY--TOPICAL TERM | |
| Topical term or geographic name entry element | Supply-side economics. |
| 700 1# - ADDED ENTRY--PERSONAL NAME | |
| Personal name | Bartlett, Bruce R., |
| Dates associated with a name | 1951- |
| 700 1# - ADDED ENTRY--PERSONAL NAME | |
| Personal name | Roth, Timothy P. |
| 906 ## - LOCAL DATA ELEMENT F, LDF (RLIN) | |
| a | 7 |
| b | cbc |
| c | orignew |
| d | 1 |
| e | ocip |
| f | 19 |
| g | y-gencatlg |
| 942 ## - ADDED ENTRY ELEMENTS (KOHA) | |
| Source of classification or shelving scheme | |
| Koha item type | Book |
| Suppress in OPAC | SO |
| Withdrawn status | Lost status | Source of classification or shelving scheme | Damaged status | Not for loan | Permanent Location | Current Location | Shelving location | Date acquired | Total Checkouts | Full call number | Barcode | Date last seen | Copy number | Price effective from | Koha item type | Public note |
|---|---|---|---|---|---|---|---|---|---|---|---|---|---|---|---|---|
| AU LIBRARY | AU LIBRARY | Open Shelf | 15.06.2021 | HB241 .S966 1983 C1 | 28002485 | 15.06.2021 | 1 | 15.06.2021 | Book | SO | ||||||
| AU LIBRARY | AU LIBRARY | Open Shelf | 15.06.2021 | HB241 .S966 1983 C2 | 28002486 | 15.06.2021 | 2 | 15.06.2021 | Book | SO |